Central Library OPAC University of Rajshahi

An introduction to microeconomics / (Record no. 42802)

MARC details
000 -LEADER
fixed length control field 00861nam a2200289 a 4500
001 - CONTROL NUMBER
control field 42802
003 - CONTROL NUMBER IDENTIFIER
rucl marc code BD-RjUL
005 - DATE AND TIME OF LATEST TRANSACTION
control field 20211209053608.0
008 - FIXED-LENGTH DATA ELEMENTS--GENERAL INFORMATION
fixed length control field 160615s1982 nyua b 001 0 eng
020 ## - INTERNATIONAL STANDARD BOOK NUMBER
International Standard Book Number 0070715831
035 ## - SYSTEM CONTROL NUMBER
System control number (BD-RjUL)42920
040 ## - CATALOGING SOURCE
Original cataloging agency DLC
Transcribing agency DLC
Modifying agency DLC
Language of cataloging eng
041 ## - LANGUAGE CODE
Language code of text/sound track or separate title eng
082 00 - DEWEY DECIMAL CLASSIFICATION NUMBER
Classification number 338.5
Author mark and year WOI 1982
100 1# - MAIN ENTRY--PERSONAL NAME
Personal name Wonnacott, Paul.
9 (RLIN) 131280
245 13 - TITLE STATEMENT
Title An introduction to microeconomics /
Statement of responsibility, etc. Paul Wonnacott, Ronald Wonnacott.
250 ## - EDITION STATEMENT
Edition statement 2nd ed.
260 ## - PUBLICATION, DISTRIBUTION, ETC. (IMPRINT)
Place of publication, distribution, etc. New York :
Name of publisher, distributor, etc. McGraw-Hill,
Date of publication, distribution, etc. c1982
300 ## - PHYSICAL DESCRIPTION
Pagination xxv, 552 p. :
Illustrations ill. ;
Size 24 cm.
500 ## - GENERAL NOTE
General note Chapters 1-6 and 7-23 of the authors' Economics.
504 ## - BIBLIOGRAPHY, ETC. NOTE
Bibliography, etc Includes bibliographical references and index.
650 #0 - SUBJECT ADDED ENTRY--TOPICAL TERM
Topical term or geographic name as entry element Microeconomics.
9 (RLIN) 131531
700 1# - ADDED ENTRY--PERSONAL NAME
Personal name Wonnacott, Ronald J.
942 ## - ADDED ENTRY ELEMENTS (KOHA)
Source of classification or shelving scheme Dewey Decimal Classification
Koha item type Books
Holdings
Lost status Source of classification or shelving scheme Damaged status Not for loan Collection code Permanent Location Current Location Shelving location Date acquired Total Checkouts Full call number Date last seen Copy number Koha item type
  Dewey Decimal Classification     Non-fiction Central Library, University of Rajshahi Central Library, University of Rajshahi   25/08/1990   338.5 WOI 1982 15/06/2016 C-2 Books